000 00517nam a2200205Ia 4500
003 OSt
005 20220927114333.0
006 a|||||r|||| 00| 0
007 ta
008 220926b |||||||| |||| 00| 0 eng d
024 _a149108
037 _cTextbook
040 _aRTL
_cRTL
_beng
041 _2eng
_aeng
082 _a"X, TD"
100 _aCHOMSKY Noan
_9388571
245 0 _aProfit over people
_b Neolideralism and global order
942 _h"X, TD"
_cCC
999 _c704477
_d704477